| 000 | 00568nam a2200193Ia 4500 | ||
|---|---|---|---|
| 003 | IN-BaIIA | ||
| 008 | 211028s9999 xx 000 0 eng d | ||
| 020 | _a0-7923- 0003- 3 | ||
| 040 | _cIIA Library | ||
| 080 |
_a082.2:52 _bIAU-S131 |
||
| 245 | 0 |
_aPlanetary nebulae _cedited by Silvia Torres-Peimbert |
|
| 260 |
_aDordrecht _bKluwer Academic _c1989 |
||
| 300 | _axx, 607p. | ||
| 490 | _aIAU Symposium; no. 131 | ||
| 650 | _aAstronomy and Astrophysics thesaurus | ||
| 650 |
_aPlanetary nebulae _95510 |
||
| 700 |
_aTorres-Peimbert, Silvia, ed. _915992 |
||
| 942 | _cBK | ||
| 999 |
_c9493 _d9493 |
||